000 00344nam a2200133 4500
005 20260530113845.0
100 1 _aEnzo Fratelli
_930662
245 1 0 _aDesign e Civilitá della macchina
264 1 _bEditalia - Roma
_c1977
300 _a165 páginas
336 _atexto
_2rdacontent
337 _asin medio
_2rdamedia
338 _avolumen
_2rdacarrier
999 _c11270
_d11270